Statistics for LittleBigPlanet Stages

Click here to take the quiz!

General Stats

  • This quiz has been taken 32 times
  • The average score is 26 of 55

Answer Stats

TypeWorldStage% Correct
LevelThe GardensFirst Steps
87%
LevelThe GardensSkate To Victory
80%
LevelThe CanyonsBoom Town
73%
LevelThe GardensGet A Grip
73%
OtherThe GardensIntroduction
73%
LevelThe WildernessThe Bunker
73%
Boss LevelThe WeddingSkulldozer
67%
Boss LevelThe WildernessThe Collector
67%
LevelThe WeddingThe Darkness
67%
LevelThe CanyonsThe Mines
67%
Mini-GameThe GardensTie Skipping
60%
LevelThe SavannahBurning Forest
53%
LevelThe MetropolisSubway
53%
LevelThe WildernessThe Collector’s Lair
53%
Boss LevelThe MetropolisThe Construction Site
53%
LevelThe SavannahThe Meerkat Kingdom
53%
LevelThe WeddingThe Wedding Reception
53%
Mini-GameThe CanyonsCowabunga
47%
LevelThe TemplesElephant Temple
47%
LevelThe IslandsEndurance Dojo
47%
LevelThe TemplesGreat Magician’s Palace
47%
LevelThe MetropolisLowrider
47%
LevelThe IslandsSensei’s Lost Castle
47%
Boss LevelThe CanyonsSerpent Shrine
47%
LevelThe SavannahSwinging Safari
47%
LevelThe WildernessThe Frozen Tundra
47%
Boss LevelThe IslandsThe Terrible Oni’s Volcano
47%
Mini-GameThe SavannahTunnel Plunge
47%
Mini-GameThe GardensCastle Climb Challenge
40%
Mini-GameThe IslandsDaruma-San
40%
Mini-GameThe SavannahFlaming Seesaws - Easy
40%
Mini-GameThe SavannahFlaming Seesaws- Hard
40%
Mini-GameThe SavannahFlaming Seesaws - Medium
40%
Mini-GameThe WildernessJetpack Tunnel
40%
Mini-GameThe SavannahMeerkat Bounce
40%
Mini-GameThe CanyonsPuzzle Wheel
40%
Mini-GameThe CanyonsRoller Run - Easy
40%
Mini-GameThe CanyonsRoller Run - Hard
40%
Mini-GameThe CanyonsRoller Run - Medium
40%
Mini-GameThe GardensSkateboard Freefall
40%
LevelThe TemplesThe Dancer’s Court
40%
Mini-GameThe MetropolisThe Drag Race
40%
Mini-GameThe WeddingWobble Poles
40%
Mini-GameThe CanyonsWrestler’s Drag
40%
Mini-GameThe WeddingBubble Labyrinth
33%
Mini-GameThe MetropolisElevation
33%
Mini-GameThe WeddingThe Dangerous Descent
33%
Mini-GameThe MetropolisThe Discombobulator
33%
Mini-GameThe TemplesFire Pits
27%
Mini-GameThe WildernessSpline Rider
27%
Mini-GameThe TemplesThe Shifting Temple
27%
Mini-GameThe IslandsWheel Of Misfortune
27%
Mini-GameThe TemplesPillar Jumping
20%
Mini-GameThe IslandsRoller Castle
20%
Mini-GameThe WildernessRotor Tubes
20%

Score Distribution

Percentile by Number Answered

Percent of People with Each Score

Your Score History

You have not taken this quiz